[Event "100th ch-GBR 2013"]
[Site "Torquay ENG"]
[Date "2013.07.29"]
[Round "1"]
[White "Brusey, A."]
[Black "Storey, Ch"]
[Result "0-1"]
[WhiteElo "2020"]
[BlackElo "2214"]
[PlyCount "84"]
[EventDate "2013.07.29"]

1. e4 b6 2. d4 Bb7 3. Nc3 e6 4. Nf3 Nf6 5. Bd3 Nc6 6. e5 Nd5 7. Nxd5 exd5 8.
Bg5 Ne7 9. O-O h6 10. Bh4 g5 11. Bg3 Nc6 12. c3 Qe7 13. b4 Nd8 14. a4 a5 15. b5
Ne6 16. Ne1 h5 17. h3 g4 18. hxg4 hxg4 19. Qxg4 Ng5 20. f3 O-O-O 21. Nc2 Re8
22. Ne3 Qd8 23. Nf5 Be7 24. Nxe7+ Qxe7 25. Bf5 Reg8 26. Qf4 Ne6 27. Bxe6 fxe6
28. Kf2 Qh7 29. Rac1 Rf8 30. Qe3 Qg6 31. f4 Kb8 32. Ke2 Rf7 33. Qd3 Qh5+ 34.
Kd2 Rg8 35. Rf3 Ka7 36. Rcf1 Rfg7 37. Kc2 Rxg3 38. Rxg3 Rxg3 39. Qxg3 Qe2+ 40.
Kb3 Qxf1 41. Qg5 Qc4+ 42. Kb2 Qxa4 0-1

[Event "100th ch-GBR 2013"]
[Site "Torquay ENG"]
[Date "2013.07.29"]
[Round "1"]
[White "Jackson, O."]
[Black "Moss, Guy"]
[Result "1/2-1/2"]
[WhiteElo "2207"]
[BlackElo "2018"]
[PlyCount "80"]
[EventDate "2013.07.29"]

1. e4 c5 2. Nc3 Nc6 3. f4 d6 4. Nf3 Nf6 5. Bb5 a6 6. Bxc6+ bxc6 7. d3 g6 8. O-O
Bg7 9. Qe1 O-O 10. f5 gxf5 11. Qh4 e6 12. Bg5 Rb8 13. b3 h6 14. Bxh6 Ng4 15.
Bxg7 Qxh4 16. Nxh4 Kxg7 17. exf5 Rh8 18. g3 exf5 19. Rae1 d5 20. Re2 Kf6 21.
Na4 c4 22. Nc5 cxd3 23. cxd3 Ne5 24. d4 Ng6 25. Nxf5 Bxf5 26. g4 Kg5 27. Rxf5+
Kxg4 28. Rxf7 Nf4 29. Re3 Nh3+ 30. Kf1 Rbf8 31. Rg3+ Kh4 32. Rgf3 Rfg8 33. Rg3
Rxg3 34. hxg3+ Kxg3 35. Nxa6 Nf4 36. Ke1 Rh1+ 37. Kd2 Rh2+ 38. Kc3 Rxa2 39. Nb4
Ne2+ 40. Kd3 Nc1+ 1/2-1/2

[Event "100th ch-GBR 2013"]
[Site "Torquay ENG"]
[Date "2013.07.30"]
[Round "2"]
[White "Howell, D."]
[Black "Rudd, J."]
[Result "1-0"]
[WhiteElo "2639"]
[BlackElo "2280"]
[PlyCount "77"]
[EventDate "2013.07.29"]

1. d4 e6 2. c4 c5 3. d5 exd5 4. cxd5 d6 5. Nc3 g6 6. Nf3 Bg7 7. Bf4 Ne7 8. e3
O-O 9. Be2 h6 10. h3 a6 11. a4 g5 12. Bh2 f5 13. Nd2 Ng6 14. Qc2 Ne5 15. Bxe5
Bxe5 16. Nc4 Nd7 17. a5 Qe7 18. O-O Bg7 19. Rae1 Rb8 20. Na4 Ne5 21. f4 Nxc4
22. Bxc4 b5 23. axb6 g4 24. Nxc5 Rxb6 25. b3 gxh3 26. g3 Qc7 27. Ne6 Bxe6 28.
dxe6 d5 29. e7 Qxe7 30. Bxd5+ Kh8 31. Kh2 h5 32. Qe2 h4 33. Rg1 Rd8 34. Bc4
Rbd6 35. Qf3 hxg3+ 36. Rxg3 Rd2+ 37. Kh1 R8d6 38. Qa8+ Bf8 39. Rg8+ 1-0

[Event "100th ch-GBR 2013"]
[Site "Torquay ENG"]
[Date "2013.07.30"]
[Round "2"]
[White "Kolbus, D."]
[Black "Hebden, M."]
[Result "1/2-1/2"]
[WhiteElo "2288"]
[BlackElo "2555"]
[PlyCount "152"]
[EventDate "2013.07.29"]

1. d4 Nf6 2. c4 g6 3. Nc3 Bg7 4. e4 O-O 5. Be2 d6 6. Be3 c5 7. dxc5 Qa5 8. Bd2
Qxc5 9. Be3 Qa5 10. Qd2 Nc6 11. Rc1 Re8 12. h3 Nd7 13. a3 Qd8 14. b4 b6 15. Nf3
Bb7 16. Nd4 Nf6 17. Nxc6 Bxc6 18. Bf3 Rc8 19. O-O Ba8 20. Nd5 Nd7 21. Be2 e6
22. Nc3 Nf6 23. Bd3 Bc6 24. Rfd1 Rc7 25. Bh6 Qa8 26. Bxg7 Kxg7 27. Qe3 e5 28.
Bf1 Re6 29. Nd5 Bxd5 30. cxd5 Ree7 31. Bb5 h5 32. h4 Qc8 33. f3 Rxc1 34. Rxc1
Rc7 35. Rxc7 Qxc7 36. Bc6 Ng8 37. Kf2 Ne7 38. g3 Qc8 39. Bb5 Qc2+ 40. Be2 Ng8
41. Ke1 Nf6 42. Kf1 Nh7 43. Qd3 Qc1+ 44. Kf2 Qh1 45. Bf1 g5 46. Bg2 Qh2 47.
hxg5 h4 48. gxh4 Qxh4+ 49. Kf1 Qxg5 50. Kf2 Nf6 51. Qe3 Qh4+ 52. Ke2 Nh5 53.
Kd1 Nf4 54. Bf1 Qh2 55. Bc4 Kf6 56. Kc1 Kg5 57. a4 Qh1+ 58. Kb2 Qd1 59. a5 Qd4+
60. Qxd4 exd4 61. e5 dxe5 62. d6 Kf6 63. axb6 axb6 64. Kb3 Ng2 65. Ka4 Ne3 66.
Bb3 Nf5 67. Kb5 Nxd6+ 68. Kxb6 d3 69. Kc5 Ke7 70. b5 f5 71. b6 e4 72. fxe4
Nxe4+ 73. Kd4 Kd6 74. Kxd3 Nc5+ 75. Kc4 Kc6 76. Bd1 Kxb6 1/2-1/2

[Event "100th ch-GBR 2013"]
[Site "Torquay ENG"]
[Date "2013.07.30"]
[Round "2"]
[White "Gordon, S."]
[Black "Mackle, Dominic"]
[Result "1-0"]
[WhiteElo "2521"]
[BlackElo "2216"]
[PlyCount "89"]
[EventDate "2013.07.29"]

1. c4 e5 2. g3 Nf6 3. Bg2 h6 4. Nc3 Bb4 5. Qb3 a5 6. e3 O-O 7. Nge2 d6 8. O-O
Nbd7 9. d4 Re8 10. Qc2 Bxc3 11. Nxc3 Nf8 12. Rd1 exd4 13. Rxd4 Ne6 14. Rd1 Nc5
15. b3 Bg4 16. f3 Be6 17. Ne2 Bd7 18. e4 Qe7 19. Bb2 Ne6 20. Qc3 Bc6 21. Rd2 b6
22. Re1 Rad8 23. a3 Ba8 24. Qc2 Nd7 25. Nc3 Qf8 26. Nd5 Bxd5 27. cxd5 Nec5 28.
b4 axb4 29. axb4 Na6 30. Ra1 Nxb4 31. Qc3 Nxd5 32. Rxd5 Nc5 33. Bf1 Ra8 34. Bc4
Rxa1+ 35. Bxa1 Ne6 36. Rd2 Qe7 37. Bd5 c5 38. Qb3 Ng5 39. h4 Nh7 40. Qxb6 Nf6
41. Bc4 Ra8 42. Bb2 Ra4 43. Qb8+ Kh7 44. Qb3 Rb4 45. Qd3 1-0

[Event "100th ch-GBR 2013"]
[Site "Torquay ENG"]
[Date "2013.07.30"]
[Round "2"]
[White "Longson, A."]
[Black "Hawkins, Jo"]
[Result "1/2-1/2"]
[WhiteElo "2279"]
[BlackElo "2517"]
[PlyCount "88"]
[EventDate "2013.07.29"]

1. e4 c6 2. d4 d5 3. Nc3 dxe4 4. Nxe4 Nd7 5. Ng5 Ngf6 6. Bd3 e6 7. N1f3 Bd6 8.
Qe2 h6 9. Ne4 Nxe4 10. Qxe4 Qc7 11. O-O b6 12. Qg4 Kf8 13. Qh4 c5 14. Be4 Rb8
15. Rd1 c4 16. Bc6 Kg8 17. d5 Ne5 18. Nxe5 Bxe5 19. c3 exd5 20. Bxd5 Bf5 21.
Qxc4 Bxh2+ 22. Kf1 Qxc4+ 23. Bxc4 Bc7 24. Be3 h5 25. Rd4 h4 26. Bf4 Bxf4 27.
Rxf4 g6 28. Re1 Kf8 29. Re3 Re8 30. Rxe8+ Kxe8 31. Bb5+ Ke7 32. Ra4 a5 33. Ke2
g5 34. f3 h3 35. gxh3 Rxh3 36. b4 Rh2+ 37. Ke3 Rb2 38. bxa5 Rxb5 39. a6 Bc8 40.
a7 Bb7 41. a8=Q Bxa8 42. Rxa8 Ra5 43. Rb8 Ra6 44. Ke4 Ke6 1/2-1/2

[Event "100th ch-GBR 2013"]
[Site "Torquay ENG"]
[Date "2013.07.30"]
[Round "2"]
[White "Gormally, D."]
[Black "Brown, Mart"]
[Result "1-0"]
[WhiteElo "2496"]
[BlackElo "2203"]
[PlyCount "109"]
[EventDate "2013.07.29"]

1. d4 Nf6 2. c4 g6 3. Nc3 d5 4. Nf3 Bg7 5. cxd5 Nxd5 6. e4 Nxc3 7. bxc3 c5 8.
Be3 Qa5 9. Qd2 O-O 10. Rc1 cxd4 11. cxd4 Qxd2+ 12. Nxd2 e6 13. Nb3 b6 14. f3
Ba6 15. Bxa6 Nxa6 16. Ke2 Rfc8 17. Rhd1 Nb4 18. Rd2 Rxc1 19. Nxc1 Rc8 20. Kd1
Rc3 21. Bf4 Rc4 22. Ne2 Kf8 23. a3 Nc6 24. d5 exd5 25. Rxd5 Ke8 26. Bd6 Bf8 27.
Kd2 Bxd6 28. Rxd6 Ke7 29. Rd3 Ne5 30. Rd5 f6 31. Nc3 g5 32. Kc2 a6 33. a4 h5
34. Kb3 Rc8 35. Rd1 Nc4 36. Nd5+ Ke6 37. h4 Na5+ 38. Kb2 Rc4 39. Rh1 Rxa4 40.
hxg5 fxg5 41. Rxh5 g4 42. Nxb6 Rb4+ 43. Kc2 gxf3 44. gxf3 Rb5 45. Nd5 Kd6 46.
Rh6+ Ke5 47. Nc3 Rc5 48. Kd3 Nb3 49. Ne2 Nc1+ 50. Ke3 Nxe2 51. Rh5+ Kd6 52.
Rxc5 Kxc5 53. Kxe2 a5 54. Kd3 Kb4 55. Kc2 1-0

[Event "100th ch-GBR 2013"]
[Site "Torquay ENG"]
[Date "2013.07.30"]
[Round "2"]
[White "Storey, Ch"]
[Black "Lalic, B."]
[Result "1/2-1/2"]
[WhiteElo "2214"]
[BlackElo "2489"]
[PlyCount "48"]
[EventDate "2013.07.29"]

1. e4 c6 2. Nc3 d5 3. Nf3 Bg4 4. d4 e6 5. Be2 Nf6 6. h3 Bh5 7. exd5 cxd5 8. g4
Bg6 9. Ne5 Nfd7 10. Nxg6 hxg6 11. Bf4 a6 12. Qd3 g5 13. Bg3 Nb6 14. Qe3 Nc6 15.
a3 Rc8 16. Rd1 Na5 17. Rd3 Nac4 18. Qc1 Bd6 19. Kf1 Qf6 20. Kg2 Bf4 21. Bxf4
Qxf4 22. Qxf4 gxf4 23. Nd1 g5 24. Rb3 Rc6 1/2-1/2

[Event "100th ch-GBR 2013"]
[Site "Torquay ENG"]
[Date "2013.07.30"]
[Round "2"]
[White "Williams, Si1"]
[Black "Weaving, Richard"]
[Result "1-0"]
[WhiteElo "2481"]
[BlackElo "2196"]
[PlyCount "51"]
[EventDate "2013.07.29"]

1. d4 Nf6 2. c4 e6 3. Nf3 d5 4. Nc3 dxc4 5. e4 Bb4 6. Bxc4 Nxe4 7. O-O Nxc3 8.
bxc3 Be7 9. Ne5 O-O 10. Qg4 Nd7 11. Re1 Nf6 12. Qg3 Nd5 13. Bh6 Bf6 14. Re4 Ne7
15. Bf4 Nf5 16. Qd3 Nd6 17. Re3 Nxc4 18. Qxc4 c6 19. Qe2 c5 20. dxc5 Qd5 21.
Ng4 Be7 22. Bd6 Bxd6 23. cxd6 Qxd6 24. Nf6+ Kh8 25. Rh3 h6 26. Qe3 1-0

[Event "100th ch-GBR 2013"]
[Site "Torquay ENG"]
[Date "2013.07.30"]
[Round "2"]
[White "Mason, D."]
[Black "Wells, P."]
[Result "1/2-1/2"]
[WhiteElo "2204"]
[BlackElo "2479"]
[PlyCount "49"]
[EventDate "2013.07.29"]

1. d4 Nf6 2. c4 e6 3. Nc3 Bb4 4. a3 Bxc3+ 5. bxc3 c5 6. e3 O-O 7. Bd3 Nc6 8.
Ne2 b6 9. O-O Ba6 10. e4 Ne8 11. Ng3 Na5 12. f4 Bxc4 13. Bxc4 Nxc4 14. f5 f6
15. Rf4 b5 16. Rh4 Qa5 17. dxc5 Rd8 18. Rb1 Qxc3 19. fxe6 Qe5 20. Nf5 Qxc5+ 21.
Kf1 dxe6 22. Qxd8 exf5 23. Qd5+ Qxd5 24. exd5 Ned6 25. Rd4 1/2-1/2

[Event "100th ch-GBR 2013"]
[Site "Torquay ENG"]
[Date "2013.07.30"]
[Round "2"]
[White "Emms, J."]
[Black "Weller, Jean-Luc"]
[Result "1/2-1/2"]
[WhiteElo "2469"]
[BlackElo "2172"]
[PlyCount "58"]
[EventDate "2013.07.29"]

1. Nf3 Nf6 2. c4 c5 3. Nc3 e6 4. e3 d5 5. d4 a6 6. cxd5 exd5 7. g3 Nc6 8. Bg2
c4 9. Ne5 Bd6 10. Nxc6 bxc6 11. O-O Bf5 12. b3 Bd3 13. Re1 Bb4 14. Bd2 Qa5 15.
Qc1 O-O 16. bxc4 Bxc4 17. a3 Bxc3 18. Bxc3 Qa4 19. Bb4 Rfe8 20. Qd1 Bb3 21. Qc1
a5 22. Bc5 Rab8 23. Rb1 Ne4 24. Rb2 Rb5 25. Bxe4 dxe4 26. Qc3 Be6 27. Qc2 Bb3
28. Qc3 Be6 29. Qc2 Bb3 1/2-1/2

[Event "100th ch-GBR 2013"]
[Site "Torquay ENG"]
[Date "2013.07.30"]
[Round "2"]
[White "Tavares, S."]
[Black "Zhou, Y."]
[Result "0-1"]
[WhiteElo "2178"]
[BlackElo "2469"]
[PlyCount "74"]
[EventDate "2013.07.29"]

1. d4 Nf6 2. c4 g6 3. Nc3 Bg7 4. e4 O-O 5. f3 Nc6 6. Nge2 e5 7. d5 Nd4 8. Be3
c5 9. dxc6 dxc6 10. Nxd4 exd4 11. Qxd4 Nd5 12. Qd2 Nxe3 13. Qxe3 Be6 14. Rd1
Qa5 15. Be2 Qb4 16. O-O Qxb2 17. e5 Qb4 18. f4 Rfd8 19. Rxd8+ Rxd8 20. Rb1 Qa3
21. Rb3 Qa6 22. Ne4 Qxa2 23. Rxb7 Bxc4 24. Bf3 a5 25. Nd6 Bf8 26. Ne4 Qa1+ 27.
Kf2 Qf1+ 28. Kg3 Rd3 29. Nf6+ Kg7 30. Ne8+ Kh6 31. Qb6 Bb4 32. h3 c5 33. Qf6
Rxf3+ 34. Kh2 Rxh3+ 35. Kxh3 Qh1+ 36. Kg3 Be1+ 37. Kf3 Qf1+ 0-1

[Event "100th ch-GBR 2013"]
[Site "Torquay ENG"]
[Date "2013.07.30"]
[Round "2"]
[White "Ghasi, A."]
[Black "Murphy, Hugh W"]
[Result "1-0"]
[WhiteElo "2459"]
[BlackElo "2170"]
[PlyCount "111"]
[EventDate "2013.07.29"]

1. Nf3 f5 2. g3 Nf6 3. Bg2 e6 4. O-O Be7 5. c4 O-O 6. Nc3 a5 7. d3 d6 8. e4
fxe4 9. dxe4 e5 10. c5 Nc6 11. Qb3+ Kh8 12. Rd1 Bg4 13. cxd6 Bxd6 14. Be3 Qc8
15. Re1 h6 16. Nh4 Kh7 17. Nd5 g6 18. Qc2 Bh3 19. f4 Bxg2 20. Qxg2 Ng4 21. f5
gxf5 22. Nxf5 Nxe3 23. Ndxe3 Bc5 24. Rac1 Bxe3+ 25. Rxe3 Qe6 26. g4 Rg8 27. Rh3
Rg6 28. g5 Rag8 29. Nxh6 Kg7 30. Nxg8 Kxg8 31. Rh6 Nd4 32. Rxc7 Nf3+ 33. Qxf3
Rxh6 34. Rxb7 Rh4 35. Qb3 Rg4+ 36. Kf2 Qxb3 37. Rxb3 Rxe4 38. Re3 Rb4 39. b3 a4
40. Rxe5 axb3 41. axb3 Rxb3 42. Re3 Rb4 43. Kg3 Kg7 44. h4 Ra4 45. Rf3 Rb4 46.
Rf4 Rb6 47. Kg4 Ra6 48. Rb4 Rc6 49. Rb7+ Kg8 50. Kh5 Ra6 51. g6 Ra4 52. Kg5 Rc4
53. h5 Rc8 54. Rb5 Ra8 55. h6 Rc8 56. h7+ 1-0

[Event "100th ch-GBR 2013"]
[Site "Torquay ENG"]
[Date "2013.07.30"]
[Round "2"]
[White "Yeo, M."]
[Black "Kosten, A."]
[Result "1/2-1/2"]
[WhiteElo "2170"]
[BlackElo "2458"]
[PlyCount "90"]
[EventDate "2013.07.29"]

1. e4 e5 2. Nf3 Nc6 3. Bc4 Bc5 4. b4 Bxb4 5. c3 Be7 6. d4 Na5 7. Bd3 d6 8. dxe5
dxe5 9. Nxe5 Nf6 10. O-O O-O 11. Qc2 c5 12. Nd2 Qc7 13. f4 b6 14. Nec4 Nxc4 15.
Bxc4 Bb7 16. e5 Qc6 17. Nf3 Ne4 18. Re1 Rad8 19. Bd3 Rxd3 20. Qxd3 c4 21. Qc2
Nc5 22. Nd4 Qc7 23. Re2 Nd3 24. Be3 Bc5 25. Rf1 Qd7 26. a4 Qg4 27. h3 Qg6 28.
Kh2 Qe4 29. Bg1 Qd5 30. Nf5 Qd7 31. Bxc5 Nxc5 32. Nd6 Bc6 33. Qf5 Qxf5 34. Nxf5
Bxa4 35. Ra1 a5 36. Nd6 Bc6 37. f5 Rd8 38. Re3 Bd5 39. Rb1 f6 40. e6 Rxd6 41.
e7 Bf7 42. e8=Q+ Bxe8 43. Rxe8+ Kf7 44. Rbe1 Rd7 45. Rh8 Ra7 1/2-1/2

[Event "100th ch-GBR 2013"]
[Site "Torquay ENG"]
[Date "2013.07.30"]
[Round "2"]
[White "Arkell, K."]
[Black "Graham, Da"]
[Result "1-0"]
[WhiteElo "2444"]
[BlackElo "2165"]
[PlyCount "99"]
[EventDate "2013.07.29"]

1. d4 Nf6 2. Nf3 g6 3. c4 Bg7 4. g3 d6 5. Bg2 O-O 6. O-O c5 7. Nc3 Nc6 8. dxc5
dxc5 9. Bf4 Nh5 10. Be3 Nd4 11. Qd2 Bg4 12. Rfd1 Bxf3 13. Bxf3 Nxf3+ 14. exf3
b6 15. Qc1 Qc7 16. Bh6 Rad8 17. Nd5 Qb7 18. Kg2 e6 19. Bxg7 Kxg7 20. Qc3+ f6
21. Ne3 Qc7 22. Ng4 Rxd1 23. Rxd1 Rd8 24. Rxd8 Qxd8 25. Qe3 Kf7 26. Qe4 Qd7 27.
Qa8 Kg7 28. h4 Qe7 29. Qb8 e5 30. Ne3 e4 31. g4 f5 32. gxh5 Qxh4 33. hxg6 hxg6
34. Qc7+ Kh6 35. Qh2 exf3+ 36. Kg1 Qxh2+ 37. Kxh2 Kg5 38. Nd5 f4 39. Ne7 Kh5
40. Nc8 g5 41. Nxa7 Kh4 42. Nc8 g4 43. Nxb6 g3+ 44. Kg1 Kg4 45. Nd7 Kf5 46.
Nxc5 Ke5 47. Nd3+ Ke4 48. Nxf4 Kxf4 49. fxg3+ Ke3 50. Kf1 1-0

[Event "100th ch-GBR 2013"]
[Site "Torquay ENG"]
[Date "2013.07.30"]
[Round "2"]
[White "Eggleston, D."]
[Black "Horton, Andrew P"]
[Result "1-0"]
[WhiteElo "2363"]
[BlackElo "2032"]
[PlyCount "75"]
[EventDate "2013.07.29"]

1. e4 e5 2. Nf3 Nc6 3. Bc4 Bc5 4. c3 Nf6 5. d3 O-O 6. O-O d6 7. Bb3 Bb6 8. h3
Ne7 9. Nbd2 Ng6 10. Nc4 h6 11. Bc2 Be6 12. Nxb6 axb6 13. d4 Nh7 14. Re1 Qf6 15.
Nh2 Nf4 16. Ng4 Qg5 17. Qf3 h5 18. dxe5 dxe5 19. Nxe5 Nxh3+ 20. Qxh3 Qxe5 21.
Qh4 Bxa2 22. f4 Qb5 23. e5 Bb3 24. Bxh7+ Kxh7 25. Qxh5+ Kg8 26. Rxa8 Rxa8 27.
f5 Qc5+ 28. Kh2 Ra4 29. Re3 Bc2 30. b4 Qe7 31. f6 gxf6 32. exf6 Qd6+ 33. Re5
Bg6 34. Qg5 Ra8 35. Bf4 Rf8 36. Re8 Qd1 37. Re5 Qd6 38. Re3 1-0

[Event "100th ch-GBR 2013"]
[Site "Torquay ENG"]
[Date "2013.07.30"]
[Round "2"]
[White "Foo, William J"]
[Black "Fernandez, Dan SIN"]
[Result "0-1"]
[WhiteElo "2090"]
[BlackElo "2346"]
[PlyCount "98"]
[EventDate "2013.07.29"]

1. d4 b5 2. e4 Bb7 3. Bxb5 Bxe4 4. Nf3 Nf6 5. c4 e6 6. Nc3 Bb7 7. O-O Be7 8. d5
O-O 9. Re1 c6 10. dxc6 Nxc6 11. Nd4 Na5 12. Nc2 a6 13. Ba4 Nxc4 14. Bb3 d5 15.
Qe2 Rc8 16. Nd4 Qb6 17. Nf3 Ne4 18. Nxe4 dxe4 19. Ng5 e3 20. fxe3 Na5 21. Nf3
Nxb3 22. axb3 Qxb3 23. Nd4 Qd5 24. Bd2 Qe4 25. Rac1 e5 26. Nf3 Rc2 27. Rxc2
Qxc2 28. Bc3 Qxe2 29. Rxe2 f6 30. Rd2 Rd8 31. Kf2 Rxd2+ 32. Nxd2 Kf7 33. e4 Bc6
34. Ke3 Bb5 35. b4 Bd8 36. Nb3 Bb6+ 37. Nc5 a5 38. Kd2 axb4 39. Bxb4 Bf1 40. g3
Kg6 41. Nd7 Bg1 42. Ke1 Bh3 43. Bc5 Bxh2 44. Nf8+ Kh5 45. Bf2 Kg4 46. Nxh7 Bxg3
47. Nf8 Bxf2+ 48. Kxf2 Kg5 49. Kg3 Bc8 0-1

[Event "100th ch-GBR 2013"]
[Site "Torquay ENG"]
[Date "2013.07.30"]
[Round "2"]
[White "Henderson, David"]
[Black "Palliser, R."]
[Result "0-1"]
[WhiteElo "2053"]
[BlackElo "2453"]
[PlyCount "69"]
[EventDate "2013.07.29"]

1. e4 c5 2. c3 d5 3. exd5 Qxd5 4. d4 Nc6 5. Nf3 Bf5 6. Be3 cxd4 7. cxd4 Bxb1 8.
Qxb1 e5 9. Bd3 exd4 10. Be4 Bb4+ 11. Bd2 Bxd2+ 12. Nxd2 Qb5 13. a4 Qb4 14. O-O
Qxd2 15. Bxc6+ bxc6 16. Qe4+ Ne7 17. Rfe1 O-O 18. Qxe7 Qxb2 19. Reb1 Qc3 20.
Rc1 Qa5 21. Qd6 Rad8 22. Qxc6 Rfe8 23. Qb5 Qd2 24. Rd1 Qf4 25. h3 Re5 26. Qd3
h5 27. Rac1 h4 28. Rc4 Re4 29. Rc7 Rde8 30. Rcc1 Re2 31. Qf3 Qd6 32. Qd3 g6 33.
a5 R8e4 34. Qf3 Qe5 35. Rf1 0-1

[Event "100th ch-GBR 2013"]
[Site "Torquay ENG"]
[Date "2013.07.30"]
[Round "2"]
[White "Varnam, L."]
[Black "Carr, N."]
[Result "1-0"]
[WhiteElo "2107"]
[BlackElo "2290"]
[PlyCount "111"]
[EventDate "2013.07.29"]

1. c4 e5 2. g3 Nf6 3. Bg2 d5 4. cxd5 Nxd5 5. Nc3 Nb6 6. Nf3 Nc6 7. O-O Be7 8.
d3 Be6 9. a3 f6 10. b4 Nd4 11. Nxd4 exd4 12. Ne4 c6 13. Bb2 Nd5 14. Bxd4 Nxb4
15. Bc5 Na6 16. Bxe7 Qxe7 17. Qa4 f5 18. Nd2 Nc5 19. Qc2 O-O 20. Rfc1 Nd7 21.
e3 Nf6 22. Nb3 Bd5 23. Nc5 b6 24. Nb3 Qf7 25. Bxd5 Qxd5 26. Qc4 c5 27. d4 cxd4
28. Nxd4 Rf7 29. Qxd5 Nxd5 30. Rc6 g6 31. Rac1 Rd7 32. Kf1 Rb8 33. Ke2 b5 34.
Rc8+ Rxc8 35. Rxc8+ Kg7 36. Nxb5 Rb7 37. Nd4 Rb2+ 38. Rc2 Rb1 39. Rc5 Rb2+ 40.
Nc2 Kf6 41. Kd3 Ne7 42. Rc7 Rb3+ 43. Kd2 a5 44. Rc5 g5 45. Rxa5 g4 46. a4 Rb1
47. Rc5 Ke6 48. Nd4+ Kd6 49. Rb5 Ra1 50. Nxf5+ Nxf5 51. Rxf5 Rxa4 52. Rf7 Ra2+
53. Ke1 Ke5 54. Rxh7 Ke4 55. Kf1 Kf3 56. Rf7+ 1-0

[Event "100th ch-GBR 2013"]
[Site "Torquay ENG"]
[Date "2013.07.30"]
[Round "2"]
[White "Jones, Steven A"]
[Black "Osborne, M."]
[Result "0-1"]
[WhiteElo "2033"]
[BlackElo "2269"]
[PlyCount "104"]
[EventDate "2013.07.29"]

1. e4 e6 2. d4 d5 3. Nc3 Nf6 4. Bg5 Bb4 5. e5 h6 6. Bc1 Ne4 7. Qg4 g6 8. Nge2
c5 9. a3 Bxc3+ 10. Nxc3 Nxc3 11. bxc3 Qa5 12. Bd2 Qa4 13. Qf3 Nd7 14. dxc5 Nxe5
15. Qf6 Qe4+ 16. Be2 Rh7 17. f3 Qf5 18. Qxf5 gxf5 19. Rb1 f6 20. Rb4 h5 21. c4
d4 22. c3 d3 23. f4 dxe2 24. fxe5 fxe5 25. Kxe2 Rc7 26. Bg5 Kf7 27. Kd3 Rxc5
28. Rb5 b6 29. Rxc5 bxc5 30. Be3 Bb7 31. Bxc5 Bxg2 32. Rg1 Be4+ 33. Ke2 Kf6 34.
Bd6 a5 35. h4 a4 36. Rg5 Rh8 37. Kd2 Bf3 38. Rg3 Bg4 39. Re3 Rd8 40. c5 e4 41.
c4 e5 42. Re1 Ke6 43. Kc3 Bf3 44. Rg1 e3 45. Rg6+ Kf7 46. Rh6 Re8 47. Rh7+ Kf6
48. Ra7 f4 49. Ra6 Be4 50. c6 f3 51. Bc7 f2 52. Bd8+ Kg7 0-1

[Event "100th ch-GBR 2013"]
[Site "Torquay ENG"]
[Date "2013.07.30"]
[Round "2"]
[White "Moss, Guy"]
[Black "Meszaros, Gyu"]
[Result "0-1"]
[WhiteElo "2018"]
[BlackElo "2255"]
[PlyCount "110"]
[EventDate "2013.07.29"]

1. e4 e6 2. d4 d5 3. e5 c5 4. c3 Nc6 5. Nf3 Bd7 6. a3 c4 7. Be2 Na5 8. Nbd2 Bc6
9. O-O Qd7 10. Qe1 Ba4 11. Bd1 Ne7 12. Rb1 Nc8 13. b3 cxb3 14. Nxb3 Nxb3 15.
Bxb3 Bb5 16. c4 dxc4 17. Bd1 Nb6 18. Qa5 Ba6 19. Re1 Be7 20. Bc2 O-O 21. Bd2
Nd5 22. Ba4 Qd8 23. Qxd8 Rfxd8 24. Bb4 Nxb4 25. axb4 b5 26. Bc2 Bb7 27. Be4 Bd5
28. Bxd5 Rxd5 29. Rec1 Bd8 30. Kf1 Bb6 31. Rd1 Rad8 32. Ra1 h6 33. Ke2 Bxd4 34.
Rxd4 Rxd4 35. Nxd4 Rxd4 36. Rxa7 Re4+ 37. Kd2 Rxe5 38. Rb7 g5 39. f3 Kg7 40. g4
Rd5+ 41. Kc2 Kg6 42. Rb6 h5 43. gxh5+ Kxh5 44. Rb7 Kg6 45. Rb6 Kf5 46. Rb7 f6
47. Rf7 Ke5 48. Rf8 f5 49. Re8 Kf4 50. Rxe6 Kxf3 51. h3 f4 52. Rc6 Ke4 53. Re6+
Kf5 54. Re8 f3 55. Re1 Kf4 0-1

[Event "100th ch-GBR 2013"]
[Site "Torquay ENG"]
[Date "2013.07.30"]
[Round "2"]
[White "Scott, Gordon W"]
[Black "Jackson, O."]
[Result "1/2-1/2"]
[WhiteElo "2039"]
[BlackElo "2207"]
[PlyCount "104"]
[EventDate "2013.07.29"]

1. d4 Nf6 2. c4 c5 3. d5 b5 4. cxb5 a6 5. bxa6 g6 6. Nc3 Bxa6 7. g3 d6 8. Bg2
Bg7 9. Nf3 O-O 10. O-O Nbd7 11. Rb1 Qa5 12. Bd2 Rfb8 13. Qc2 Qc7 14. b3 Nb6 15.
Nh4 Bb7 16. e4 Ba6 17. Rfd1 Ng4 18. Nf3 Nd7 19. h3 Nge5 20. Ne1 Qb6 21. Na4 Qa7
22. Be3 Bb5 23. Nc3 Nf6 24. a4 Be8 25. Kh1 Qa5 26. f4 Ned7 27. Bd2 Qd8 28. Nf3
Nb6 29. Be1 c4 30. e5 cxb3 31. Rxb3 Nh5 32. Ra1 Rc8 33. Qd2 Nc4 34. Qd4 dxe5
35. fxe5 f6 36. exf6 Bxf6 37. Qe4 Na5 38. Rba3 Bxc3 39. Rxc3 Rxc3 40. d6 exd6
41. Ng5 Rac8 42. Qd5+ Kh8 43. Bxc3+ Rxc3 44. g4 Nf6 45. Qf7 Rc7 46. Qf8+ Ng8
47. Bd5 Rg7 48. Qxg7+ Kxg7 49. Ne6+ Kf6 50. Nxd8 Ne7 51. Nb7 Nxd5 52. Nxa5 Nb6
1/2-1/2

[Event "100th ch-GBR 2013"]
[Site "Torquay ENG"]
[Date "2013.07.30"]
[Round "2"]
[White "Harvey, Marcus R"]
[Black "Walker, S."]
[Result "1/2-1/2"]
[WhiteElo "2202"]
[BlackElo "1978"]
[PlyCount "138"]
[EventDate "2013.07.29"]

1. g3 g6 2. Bg2 Bg7 3. e4 c5 4. Ne2 Nc6 5. O-O Nf6 6. c4 O-O 7. Nbc3 d6 8. d3
a6 9. h3 Rb8 10. a4 Ne8 11. Be3 Nc7 12. d4 cxd4 13. Nxd4 Ne6 14. Nxe6 Bxe6 15.
Nd5 b5 16. axb5 axb5 17. cxb5 Rxb5 18. Qa4 Qb8 19. Nc7 Rb4 20. Qxc6 Rc4 21.
Nxe6 Rxc6 22. Nxf8 Qxf8 23. e5 Rc8 24. Rfc1 Rb8 25. exd6 Bxb2 26. dxe7 Qxe7 27.
Rcb1 Bxa1 28. Rxb8+ Kg7 29. Rb7 Qe6 30. g4 h6 31. Bf3 Be5 32. Kg2 Qd6 33. Rb6
Qd7 34. Bc6 Qd8 35. Rb5 Qf6 36. Bd5 Bd4 37. Rb7 Bxe3 38. fxe3 Kh8 39. Rxf7 Qe5
40. e4 Qb2+ 41. Rf2 Qe5 42. h4 g5 43. h5 Qc3 44. Be6 Kg7 45. Rf7+ Kh8 46. Bd5
Qe3 47. Rf8+ Kg7 48. Rf2 Qd4 49. Re2 Qe5 50. Bb3 Qf4 51. Be6 Qe5 52. Bf5 Kf6
53. Re3 Qb2+ 54. Kf3 Qe5 55. Rd3 Qf4+ 56. Kg2 Qc1 57. Rd5 Qb2+ 58. Kf3 Qc3+ 59.
Kf2 Qb2+ 60. Ke3 Qc3+ 61. Ke2 Qc2+ 62. Rd2 Qc4+ 63. Rd3 Ke5 64. Kd2 Qb4+ 65.
Kc2 Qc4+ 66. Kd2 Qb4+ 67. Kd1 Qb1+ 68. Ke2 Qc2+ 69. Ke3 Qc1+ 1/2-1/2

[Event "100th ch-GBR 2013"]
[Site "Torquay ENG"]
[Date "2013.07.30"]
[Round "2"]
[White "Gill, Oliver"]
[Black "Anderson, J."]
[Result "1/2-1/2"]
[WhiteElo "1974"]
[BlackElo "2189"]
[PlyCount "137"]
[EventDate "2013.07.29"]

1. e4 e5 2. Nf3 Nf6 3. Nxe5 d6 4. Nf3 Nxe4 5. Qe2 Qe7 6. d3 Nf6 7. Bg5 Nbd7 8.
Nc3 c6 9. Ne4 Kd8 10. Bf4 d5 11. Nd6 Qxe2+ 12. Bxe2 Bxd6 13. Bxd6 h6 14. Kd2
Re8 15. Rae1 Re6 16. Bg3 Nf8 17. Nd4 Re8 18. Bd1 Ng6 19. Rxe8+ Kxe8 20. Re1+
Kf8 21. h4 Kg8 22. h5 Nf8 23. Bh4 N8h7 24. c4 dxc4 25. dxc4 Bd7 26. Bc2 Re8 27.
Bxh7+ Nxh7 28. Rxe8+ Bxe8 29. Nf5 Bd7 30. Nd6 b6 31. f3 Nf8 32. b4 Ne6 33. a4
Kf8 34. a5 b5 35. cxb5 cxb5 36. a6 Nc7 37. Bf2 Nxa6 38. Bxa7 Nxb4 39. Nxb5 Nd5
40. Bc5+ Kg8 41. Nd4 f5 42. Ne2 Be8 43. Bd6 Bxh5 44. Nf4 Nf6 45. Nxh5 Nxh5 46.
Ke3 g5 47. g4 f4+ 48. Ke2 Nf6 49. Ba3 Kf7 50. Kf2 Nd5 51. Ke2 Nc7 52. Kd3 Kg6
53. Ke4 Ne8 54. Bf8 Nf6+ 55. Kd3 h5 56. gxh5+ Kxh5 57. Be7 Kg6 58. Ke2 Nd5 59.
Bd8 Kf5 60. Kf2 Nb4 61. Ba5 Nd3+ 62. Kg2 Nc5 63. Bd8 Ne6 64. Be7 Ke5 65. Kh3
Kd4 66. Kg4 Ke3 67. Bf6 Ke2 68. Be7 Nd4 69. Bxg5 1/2-1/2

[Event "100th ch-GBR 2013"]
[Site "Torquay ENG"]
[Date "2013.07.30"]
[Round "2"]
[White "Rayner, F."]
[Black "Taylor, Adam C"]
[Result "1-0"]
[WhiteElo "2186"]
[BlackElo "2001"]
[PlyCount "45"]
[EventDate "2013.07.29"]

1. Nf3 g6 2. e4 Bg7 3. d4 d6 4. Bc4 Nf6 5. Qe2 O-O 6. O-O c6 7. Bb3 b5 8. e5
Nd5 9. Re1 dxe5 10. dxe5 Bg4 11. Nbd2 Nf4 12. Qe4 Bh6 13. Nd4 Na6 14. N2f3 Nc5
15. Qxc6 Nxb3 16. axb3 Bxf3 17. Nxf3 Qb6 18. Qe4 f5 19. exf6 Qxf6 20. Be3 Qxb2
21. Bd4 Ne2+ 22. Qxe2 Rxf3 23. Bxb2 1-0